Sčítání na Slovensku srovnání mezi Českou a Slovenskou republikou

Guardado en:
Detalles Bibliográficos
Autor principal: Pištora, Ladislav
Formato: Capítulo de libro
Lenguaje:checo
Materias:
Etiquetas: Agregar Etiqueta
Sin Etiquetas, Sea el primero en etiquetar este registro!

MARC

LEADER 00000naa a2200000 4500
001 r042280
005 20230918121237.1
041 0 |a cze 
044 |a CZ 
245 1 0 |a Sčítání na Slovensku  |b srovnání mezi Českou a Slovenskou republikou  |c Ladislav Pištora 
610 2 0 |a sčítanie ľudu 
610 2 0 |a Slovensko 
610 2 0 |a Česko 
100 1 |a Pištora, Ladislav